Определение характерных времен подавления реакции термического разложение лесного горючего материала при помощи специализированного програмного обеспечения; Интеллектуальные энергосистемы; Т. 1
| Parent link: | Интеллектуальные энергосистемы: труды III Международного молодёжного форума, 28 сентября - 2 октября 2015 г., г. Томск/ Национальный исследовательский Томский политехнический университет (ТПУ).— , 2015 Т. 1.— 2015.— [С. 211-214] |
|---|---|
| Hoofdauteur: | |
| Coauteur: | |
| Andere auteurs: | , |
| Samenvatting: | Заглавие с титульного экрана |
| Taal: | Russisch |
| Gepubliceerd in: |
2015
|
| Reeks: | Автоматизированные системы управления технологическими процессами |
| Onderwerpen: | |
| Online toegang: | http://earchive.tpu.ru/handle/11683/16249 http://www.lib.tpu.ru/fulltext/c/2015/C43/V1/055.pdf |
| Formaat: | Elektronisch Hoofdstuk |
| KOHA link: | https://koha.lib.tpu.ru/cgi-bin/koha/opac-detail.pl?biblionumber=615864 |
MARC
| LEADER | 00000naa2a2200000 4500 | ||
|---|---|---|---|
| 001 | 615864 | ||
| 005 | 20231101132859.0 | ||
| 035 | |a (RuTPU)RU\TPU\conf\14097 | ||
| 035 | |a RU\TPU\conf\14095 | ||
| 090 | |a 615864 | ||
| 100 | |a 20151125d2015 k y0rusy50 ca | ||
| 101 | 0 | |a rus | |
| 102 | |a RU | ||
| 105 | |a y z 101zy | ||
| 135 | |a drcn ---uucaa | ||
| 181 | 0 | |a i | |
| 182 | 0 | |a b | |
| 200 | 1 | |a Определение характерных времен подавления реакции термического разложение лесного горючего материала при помощи специализированного програмного обеспечения |f М. М. Осмоловская, В. М. Гумеров |g науч. рук. А. О. Жданова | |
| 203 | |a Текст |c электронный | ||
| 225 | 1 | |a Автоматизированные системы управления технологическими процессами | |
| 230 | |a 1 компьютерный файл (pdf; 389 Kb) | ||
| 300 | |a Заглавие с титульного экрана | ||
| 320 | |a [Библиогр.: с. 214 (5 назв.)] | ||
| 337 | |a Adobe Reader | ||
| 461 | 1 | |0 (RuTPU)RU\TPU\conf\13656 |t Интеллектуальные энергосистемы |o труды III Международного молодёжного форума, 28 сентября - 2 октября 2015 г., г. Томск |o в 3 т. |f Национальный исследовательский Томский политехнический университет (ТПУ) |d 2015 | |
| 463 | 1 | |0 (RuTPU)RU\TPU\conf\13658 |t Т. 1 |v [С. 211-214] |d 2015 | |
| 610 | 1 | |a труды учёных ТПУ | |
| 610 | 1 | |a электронный ресурс | |
| 610 | 1 | |a подавление | |
| 610 | 1 | |a реакции | |
| 610 | 1 | |a термическое разложение | |
| 610 | 1 | |a лесные материалы | |
| 610 | 1 | |a горючие материалы | |
| 610 | 1 | |a программное обеспечение | |
| 700 | 1 | |a Осмоловская |b М. М. | |
| 701 | 1 | |a Гумеров |b В. М. | |
| 702 | 1 | |a Жданова |b А. О. |c специалист в области теплоэнергетики |c инженер Томского политехнического университета |f 1989- |g Алена Олеговна |2 stltpush |4 727 | |
| 712 | 0 | 2 | |a Национальный исследовательский Томский политехнический университет (ТПУ) |b Энергетический институт (ЭНИН) |b Кафедра автоматизации теплоэнергетических процессов (АТП) |h 121 |2 stltpush |3 (RuTPU)RU\TPU\col\18678 |
| 801 | 2 | |a RU |b 63413507 |c 20210210 |g RCR | |
| 856 | 4 | |u http://earchive.tpu.ru/handle/11683/16249 | |
| 856 | 4 | |u http://www.lib.tpu.ru/fulltext/c/2015/C43/V1/055.pdf | |
| 942 | |c BK | ||